Subdivision capitals closest to Hämeenlinna (FI) - Statistics

General Stats
  • This quiz has been taken 19 times
  • The average score is 10 of 20
Answer Stats
Distance (km) Answer % Correct
3 96 Helsinki
100%
2 67 Tampere
100%
5 135 Turku
83%
1 64 Lahti
75%
8 154 Jyväskylä
67%
4 122 Kouvola
58%
20 270 Kuopio
58%
7 153 Pori
58%
11 201 Lappeenranta
50%
13 217 Seinäjoki
50%
10 174 Tallinn
50%
6 147 Kotka
33%
19 267 Mariehamn/Maarianhamina
33%
9 168 Mikkeli
33%
15 234 Haapsalu
25%
17 243 Paide
25%
12 211 Rakvere
25%
14 222 Rapla
25%
18 244 Jõhvi
8%
16 241 Kärdla
8%
No matching quizzes found
Score Distribution
Percent of People with Each Score
Percentile by Number Answered
Your Score History
You have not taken this quiz